000 01163nam a2200313 i 4500
001 178508
003 ES-MaACL
005 20250721200224.0
008 110606s1985 sp ao ||||1| spa d
020 _a84-86152-06-2
080 _a616.9(075.8)
080 _a616-099(075.8)
100 1 _aLozano Tonkin, Carlos.
_974471
245 1 0 _aEnfermedades infecciosas e intoxicaciones /
_cpor Carlos Lozano Tonkin ; colaboran, Ramón Cigüenza Gabriel, Tomás García Tenorio, Eduardo Montero Ruiz.
250 _a3ª ed.
260 _aMadrid :
_bLuzán 5,
_c1985.
300 _a336 p. :
_bil. ;
_c24 cm.
490 1 _aPregrado: colección de lecciones de patología médica ;
_v6
500 _aIncluye test.
504 _aBibliografía: p. 336.
650 1 7 _aEnfermedades infecciosas
_2embne
_9135986
650 4 _aIntoxicaciones.
_9147160
700 1 _aCigüenza Gabriel, Ramón.
_938818
700 1 _aGarcía Tenorio, Tomás.
_9146935
700 1 _aMontero Ruiz, Eduardo.
_9146936
830 0 _aPregrado: colección de lecciones de patología médica ;
_v6
_9191005
852 _aES-MaACL
_jE-15259
_xOlim P-1047
999 _c178508
_d178508